000 02940nam0a2200409 4500
001 RU\NLR\BIBL_A\022658829
005 20260408144607.0
010 _a978-5-6049530-2-0
_9150
035 _a(NLR Aleph) 022658829
090 _a13539206
_c13539206
100 _a20251101d2023 k y0rusy50 ca
101 0 _arus
102 _aRU
105 _aa z 100yy
181 0 _ai
_baxxe
182 0 _an
200 1 _aII Межрегиональный педагогический форум "Педагог, наставник, друг", 7 февраля 2023
_eсборник тезисов
_fМинистерство науки и высшего образования Российской Федерации, Губкинский филиал Федерального государственного бюджетного образовательного учреждения высшего образования "Белгородский государственный технологический университет имени В. Г. Шухова"
203 _aТекст
_bвизуальный
_cнепосредственный
210 _aСтарый Оскол
_cАссистент плюс
_d2023
215 _a272 с.
_cцв. ил.
_d20
300 _aЗагл. над вып. дан.: Межрегиональный педагогический форум "Педагог, наставник, друг"
300 _aЗагл. в макете: Педагог, наставник, друг: сборник тезисов II Межрегионального педагогического форума
517 1 _aМежрегиональный педагогический форум "Педагог, наставник, друг"
517 1 _aПедагог, наставник, друг: сборник тезисов II Межрегионального педагогического форума
532 1 0 _aВторой Межрегиональный педагогический форум "Педагог, наставник, друг", 7 февраля 2023
600 1 _aУшинский
_bК. Д.
_f1824 - 1870
_gКонстантин Дмитриевич
_jТезисы докладов
_xПедагогические взгляды
_91875248
_3RU\NLR\AUTH\661142428
606 1 _aПедагогика
_jТезисы докладов
_9921924
_3RU\NLR\AUTH\6619222
606 1 _aПедагоги
_jТезисы докладов
_xПрофессиональная деятельность
_92558946
_3RU\NLR\AUTH\661513805
686 1 _aЧ314.21я431
686 1 _aЧ33(2)51-273я431
686 1 _aЧ30я431
710 1 2 _a"Педагог, наставник, друг", межрегиональный педагогический форум
_d2
_f2023
_eГубкин
_3RU\NLR\AUTH\880634527
_92684905
942 _cBOOK
980 _aNB